[Event "GER-chT U16 Girls"]
[Site "Magdeburg"]
[Date "2023.12.28"]
[Round "4.2"]
[White "Jacobasch, Ronja"]
[Black "Moldovan, Tatiana"]
[Result "1/2-1/2"]
[WhiteElo "1607"]
[BlackElo "1590"]
[PlyCount "85"]
[EventDate "2023.12.26"]
[EventType "team-swiss"]
[EventRounds "7"]
[EventCountry "GER"]
[SourceTitle "CB03_2024"]
[SourceDate "2024.01.17"]
[SourceVersion "1"]
[SourceVersionDate "2024.01.17"]
[SourceQuality "1"]
[WhiteTeam "Altenberg"]
[BlackTeam "Hohentuebingen"]
[WhiteTeamCountry "GER"]
[BlackTeamCountry "GER"]

1. Nf3 a6 2. g3 b5 3. Bg2 Bb7 4. 0-0 Nf6 5. d3 e6 6. e4 Bc5 7. Re1 d6 8. Be3 Bxe3 9. fxe3 Nbd7 10. c3 0-0 11. Nbd2 Rb8 12. Qc2 Re8 13. a4 Nc5 14. axb5 axb5 15. Nb3 Nfd7 16. Nfd4 Nxb3 17. Nxb3 Ne5 18. Na5 Ba8 19. d4 Nc6 20. b4 Qd7 21. Nb3 Bb7 22. Qe2 Ne7 23. Ra5 Qc6 24. Rc1 Qc4 25. Qxc4 bxc4 26. Nd2 d5 27. Rca1 c6 28. e5 Ra8 29. Ra7 Rxa7 30. Rxa7 Rb8 31. Bf3 Nc8 32. Ra5 Ra8 33. Rxa8 Bxa8 34. Bd1 Nb6 35. Kf2 Bb7 36. Ke2 Ba6 37. e4 Kf8 38. Bc2 g6 39. exd5 exd5 40. Nf3 Bc8 41. Ke3 h6 42. Ng1 Kg7 43. Ne2 1/2-1/2

[Event "GER-chT U16 Girls"]
[Site "Magdeburg"]
[Date "2023.12.27"]
[Round "2.4"]
[White "Stepanjan, Marianne"]
[Black "Jacobasch, Ronja"]
[Result "1/2-1/2"]
[WhiteElo "1678"]
[BlackElo "1607"]
[PlyCount "62"]
[EventDate "2023.12.26"]
[EventType "team-swiss"]
[EventRounds "7"]
[EventCountry "GER"]
[SourceTitle "CB03_2024"]
[SourceDate "2024.01.17"]
[SourceVersion "1"]
[SourceVersionDate "2024.01.17"]
[SourceQuality "1"]
[WhiteTeam "Norderstedt"]
[BlackTeam "Altenberg"]
[WhiteTeamCountry "GER"]
[BlackTeamCountry "GER"]

1. e4 d5 2. exd5 Qxd5 3. Nc3 Qd8 4. d4 Nf6 5. Nf3 Bg4 6. Be2 e6 7. h3 Bxf3 8. Bxf3 c6 9. 0-0 Bd6 10. Bg5 0-0 11. a4 a5 12. Ne4 Be7 13. Bf4 Nxe4 14. Bxe4 Nd7 15. c3 Nf6 16. Bc2 Qb6 17. Rb1 Rfd8 18. Qf3 Rd7 19. Rfe1 Rad8 20. Be5 Nd5 21. Re4 Bf6 22. Qg3 Bxe5 23. Rxe5 Qc7 24. Qh4 h6 25. Rbe1 Nf6 26. R1e3 Rd5 27. Rxd5 Rxd5 28. Rg3 Kf8 29. Rf3 Rh5 30. Qf4 Qxf4 31. Rxf4 Rd5 1/2-1/2

[Event "Kiel op 35th"]
[Site "Kiel"]
[Date "2023.07.29"]
[Round "1"]
[White "Jacobasch, Ronja"]
[Black "Saglam, Karl Heinz"]
[Result "0-1"]
[WhiteElo "1549"]
[BlackElo "2109"]
[PlyCount "124"]
[EventDate "2023.07.29"]
[EventType "swiss"]
[EventRounds "9"]
[EventCountry "GER"]
[SourceTitle "CBM 215 Extra"]
[Source "ChessBase"]
[SourceDate "2023.09.30"]
[SourceVersion "1"]
[SourceVersionDate "2023.09.30"]
[SourceQuality "1"]

1. Nf3 c5 2. g3 b6 3. Bg2 Bb7 4. 0-0 Nf6 5. d3 d5 6. c4 d4 7. e3 Nc6 8. exd4 Nxd4 9. Nc3 Nxf3+ 10. Bxf3 Qd7 11. Bxb7 Qxb7 12. d4 cxd4 13. Qxd4 e6 14. Bg5 Rd8 15. Qf4 Bd6 16. Qe3 Bc5 17. Qe2 Bd4 18. Rad1 h6 19. Bxf6 Bxf6 20. Ne4 Bd4 21. Rd3 0-0 22. Rfd1 e5 23. Nc3 f5 24. Nd5 f4 25. Nxf4 Bxf2+ 26. Qxf2 Rxd3 27. Rxd3 exf4 28. gxf4 Qe4 29. Rd4 Qg6+ 30. Kh1 Qb1+ 31. Kg2 Rf6 32. Qe2 Qg6+ 33. Kf2 Qf7 34. Rd8+ Kh7 35. Qd3+ g6 36. Rd7 Rxf4+ 37. Ke2 Re4+ 38. Kd2 Re7 39. Rxe7 Qxe7 40. Kc2 Qc7 41. h3 h5 42. b3 a5 43. a3 Qh2+ 44. Kc3 Qe5+ 45. Qd4 Qe1+ 46. Kb2 Qe2+ 47. Kc3 Qf3+ 48. Qd3 Qf6+ 49. Qd4 Kg7 50. b4 g5 51. Qxf6+ Kxf6 52. Kd3 Ke5 53. Ke3 a4 54. Kd3 Kf4 55. Kd4 g4 56. hxg4 hxg4 57. c5 bxc5+ 58. Kxc5 g3 59. b5 g2 60. b6 g1Q+ 61. Kc6 Qc1+ 62. Kb7 Qxa3 0-1

[Event "GER-ch (Women)"]
[Site "Magdeburg"]
[Date "2023.07.08"]
[Round "5"]
[White "Dohon, Maria Johanna"]
[Black "Jacobasch, Ronja"]
[Result "1/2-1/2"]
[WhiteElo "1457"]
[BlackElo "1549"]
[PlyCount "37"]
[EventDate "2023.07.05"]
[EventType "swiss"]
[EventRounds "7"]
[EventCountry "GER"]
[SourceTitle "CBM 215 Extra"]
[Source "ChessBase"]
[SourceDate "2023.09.30"]
[SourceVersion "1"]
[SourceVersionDate "2023.09.30"]
[SourceQuality "1"]

1. d4 Nf6 2. c4 g6 3. Nc3 Bg7 4. e4 d6 5. f3 0-0 6. Be3 e5 7. d5 c6 8. Qd2 cxd5 9. cxd5 Nbd7 10. Nh3 a6 11. Nf2 b5 12. Nd3 Nb6 13. b3 Bb7 14. Be2 Rc8 15. 0-0 Nfd7 16. Rac1 f5 17. Nb1 Qe7 18. Qa5 Qd8 19. Qd2 1/2-1/2

[Event "GER-ch (Women)"]
[Site "Magdeburg"]
[Date "2023.07.07"]
[Round "4"]
[White "Jacobasch, Ronja"]
[Black "Von Herman, Brigitte"]
[Result "0-1"]
[WhiteElo "1549"]
[BlackElo "1911"]
[PlyCount "70"]
[EventDate "2023.07.05"]
[EventType "swiss"]
[EventRounds "7"]
[EventCountry "GER"]
[SourceTitle "CBM 215 Extra"]
[Source "ChessBase"]
[SourceDate "2023.09.30"]
[SourceVersion "1"]
[SourceVersionDate "2023.09.30"]
[SourceQuality "1"]

1. Nf3 d5 2. g3 Nf6 3. Bg2 Bf5 4. 0-0 c6 5. d3 h6 6. Nfd2 e6 7. e4 Bh7 8. Re1 Be7 9. Nc3 0-0 10. a3 a5 11. Qe2 d4 12. Ncb1 e5 13. Nc4 Nfd7 14. f4 f6 15. f5 a4 16. Bf3 Na6 17. Bh5 Rc8 18. Qg4 Kh8 19. Ncd2 Bd6 20. Nf3 Qe7 21. Nh4 Rfd8 22. Nd2 Nf8 23. Ndf3 c5 24. Ng6+ Bxg6 25. Bxg6 c4 26. Bd2 cxd3 27. cxd3 Rc2 28. Rab1 Nc5 29. Rec1 Rxc1+ 30. Rxc1 Nxd3 31. Rc2 Nc5 32. Bh5 Nb3 33. Bc1 d3 34. Rc3 Bc5+ 35. Kg2 d2 0-1

[Event "GER-ch (Women)"]
[Site "Magdeburg"]
[Date "2023.07.06"]
[Round "3"]
[White "Grabowski, Petra"]
[Black "Jacobasch, Ronja"]
[Result "1/2-1/2"]
[WhiteElo "1602"]
[BlackElo "1549"]
[PlyCount "108"]
[EventDate "2023.07.05"]
[EventType "swiss"]
[EventRounds "7"]
[EventCountry "GER"]
[SourceTitle "CBM 215 Extra"]
[Source "ChessBase"]
[SourceDate "2023.09.30"]
[SourceVersion "1"]
[SourceVersionDate "2023.09.30"]
[SourceQuality "1"]

1. d4 Nf6 2. c4 d6 3. Nc3 g6 4. e4 Bg7 5. f3 0-0 6. Be3 e5 7. d5 c6 8. Bd3 cxd5 9. exd5 Nh5 10. g4 Nf4 11. Bxf4 exf4 12. h4 Re8+ 13. Kf1 Nd7 14. Qd2 Nc5 15. Bc2 Qb6 16. Na4 Qc7 17. Nc3 Qa5 18. a3 Qb6 19. Na4 Nxa4 20. Bxa4 Re3 21. Rb1 Qc7 22. Rc1 Bd7 23. Bxd7 Qxd7 24. Rh2 Qe7 25. Re1 Rxe1+ 26. Qxe1 Qxe1+ 27. Kxe1 Re8+ 28. Kd1 Re3 29. Re2 Rxe2 30. Nxe2 Bxb2 31. a4 Be5 32. g5 f6 33. Kd2 h6 34. gxf6 Kf7 35. Kd3 Kxf6 36. Ke4 g5 37. h5 Bb2 38. Ng1 b6 39. Nh3 Bc3 40. Nf2 Bb2 41. Ng4+ Kg7 42. Kf5 Bc3 43. Ke6 Bb4 44. Nf6 Ba3 45. Ne4 Bb4 46. Nf6 Ba3 47. Kf5 Bb4 48. Ne8+ Kf7 49. Nc7 Bc5 50. Ne6 Ba3 51. Nd8+ Kg7 52. Nc6 a5 53. Na7 Bb4 54. Nb5 Bc5 1/2-1/2

[Event "GER-ch U16 Girls"]
[Site "Willingen"]
[Date "2021.08.26"]
[Round "5"]
[White "Jacobasch, Ronja"]
[Black "Margaryan, Susanna"]
[Result "1-0"]
[WhiteElo "1421"]
[BlackElo "1494"]
[PlyCount "139"]
[EventDate "2021.08.22"]
[EventType "swiss"]
[EventRounds "9"]
[EventCountry "GER"]
[SourceTitle "EXT 2022"]
[Source "ChessBase"]
[SourceDate "2021.10.06"]
[SourceVersion "1"]
[SourceVersionDate "2021.10.06"]
[SourceQuality "1"]

1. Nf3 d5 2. g3 c6 3. Bg2 Bf5 4. 0-0 h6 5. d3 Nf6 6. Nbd2 e6 7. c4 dxc4 8. Nxc4 Be7 9. b3 0-0 10. Bb2 a5 11. a3 Na6 12. Rc1 Bh7 13. Rc2 Nd7 14. Qa1 Bf6 15. Bxf6 Nxf6 16. Qb2 Rc8 17. Qc3 b6 18. Qb2 b5 19. Nce5 c5 20. Nd2 Qb6 21. Rfc1 Rfd8 22. Rc3 Nd5 23. R3c2 b4 24. axb4 Naxb4 25. Rc4 Qa7 26. Be4 g6 27. d4 f6 28. Nd3 Nxd3 29. Bxd3 Nb4 30. Rxc5 Rxc5 31. Rxc5 Nxd3 32. exd3 g5 33. Ne4 Bxe4 34. dxe4 e5 35. Qc3 exd4 36. Qxa5 Qxa5 37. Rxa5 d3 38. Ra1 Kf7 39. Kf1 Ke6 40. Ke1 Ke5 41. f3 Kd4 42. Kd2 Rd6 43. Ra4+ Ke5 44. Ra5+ Kd4 45. Rd5+ Rxd5 46. exd5 Kxd5 47. Kxd3 h5 48. b4 f5 49. b5 Kc5 50. b6 Kxb6 51. Kd4 Kc6 52. Ke5 g4 53. fxg4 fxg4 54. Kf5 Kd5 55. Kg5 Ke5 56. Kxh5 Kf5 57. Kh4 Kf6 58. Kxg4 Kg6 59. h4 Kh7 60. Kg5 Kg7 61. h5 Kf8 62. Kh6 Kg8 63. g4 Kh8 64. g5 Kg8 65. g6 Kh8 66. Kg5 Kg7 67. h6+ Kg8 68. Kf6 Kh8 69. g7+ Kg8 70. h7+ 1-0

[Event "GER-ch U16 Girls"]
[Site "Willingen"]
[Date "2021.08.26"]
[Round "6"]
[White "Petersen, Sophie"]
[Black "Jacobasch, Ronja"]
[Result "1/2-1/2"]
[WhiteElo "1515"]
[BlackElo "1421"]
[PlyCount "66"]
[EventDate "2021.08.22"]
[EventType "swiss"]
[EventRounds "9"]
[EventCountry "GER"]
[SourceTitle "EXT 2022"]
[Source "ChessBase"]
[SourceDate "2021.10.06"]
[SourceVersion "1"]
[SourceVersionDate "2021.10.06"]
[SourceQuality "1"]

1. e4 d6 2. d4 Nf6 3. Nc3 g6 4. Nf3 Bg7 5. Be3 0-0 6. h3 c6 7. Bd3 Nbd7 8. Qd2 Re8 9. 0-0 e5 10. dxe5 Nxe5 11. Nxe5 dxe5 12. Bh6 Qc7 13. Bxg7 Kxg7 14. Rad1 Be6 15. Qe3 b6 16. Be2 Rad8 17. g4 Rxd1 18. Rxd1 Rd8 19. Rd2 Rxd2 20. Qxd2 Qd7 21. Qxd7 Nxd7 22. b4 b5 23. a4 a6 24. axb5 axb5 25. Nd1 h5 26. Kg2 Nf6 27. f3 hxg4 28. hxg4 Nd7 29. Ne3 Nb6 30. Kf2 f6 31. Ke1 Kf7 32. Kd2 Ke7 33. Kc1 Kd6 1/2-1/2

[Event "GER-chT U14 Girls"]
[Site "Willingen"]
[Date "2021.06.24"]
[Round "1.9"]
[White "Hencke, Luna"]
[Black "Jacobasch, Ronja"]
[Result "0-1"]
[WhiteElo "1168"]
[BlackElo "1397"]
[PlyCount "78"]
[EventDate "2021.06.23"]
[EventType "team-swiss"]
[EventRounds "7"]
[EventCountry "GER"]
[SourceTitle "EXT 2022"]
[Source "ChessBase"]
[SourceDate "2021.10.06"]
[SourceVersion "1"]
[SourceVersionDate "2021.10.06"]
[SourceQuality "1"]
[WhiteTeam "Paderborn"]
[BlackTeam "Altenberg"]
[WhiteTeamCountry "GER"]
[BlackTeamCountry "GER"]

1. d4 Nf6 2. Nf3 g6 3. g3 Bg7 4. Bg2 0-0 5. 0-0 d5 6. b3 Ne4 7. Ba3 Nc6 8. c3 Re8 9. Bb2 Bf5 10. Nbd2 e5 11. Re1 exd4 12. cxd4 Nb4 13. Ba3 a5 14. Nf1 Nc3 15. Qd2 Nc2 16. Qxc3 Nxa3 17. Ne3 Rxe3 18. fxe3 Nc2 19. Nh4 Nxe1 20. Qxe1 Bg4 21. Qf2 c6 22. h3 Bd7 23. Rf1 Qe7 24. Qe1 Qxe3+ 25. Kh2 Bxd4 26. Nf3 Bg7 27. Qd2 Qxd2 28. Nxd2 a4 29. b4 Bc3 30. Nf3 Bxb4 31. Ne5 Be6 32. Bf3 Bd6 33. Nd3 c5 34. Rd1 Rb8 35. Nf4 Bxf4 36. gxf4 d4 37. a3 b5 38. Rb1 Bd7 39. Bd5 b4 0-1

[Event "GER-chT U14 Girls"]
[Site "Willingen"]
[Date "2021.06.24"]
[Round "2.5"]
[White "Jacobasch, Ronja"]
[Black "Reich, Elisabeth"]
[Result "0-1"]
[WhiteElo "1397"]
[BlackElo "1191"]
[PlyCount "52"]
[EventDate "2021.06.23"]
[EventType "team-swiss"]
[EventRounds "7"]
[EventCountry "GER"]
[SourceTitle "EXT 2022"]
[Source "ChessBase"]
[SourceDate "2021.10.06"]
[SourceVersion "1"]
[SourceVersionDate "2021.10.06"]
[SourceQuality "1"]
[WhiteTeam "Altenberg"]
[BlackTeam "Oberkotzau"]
[WhiteTeamCountry "GER"]
[BlackTeamCountry "GER"]

1. e4 c5 2. Nf3 Nc6 3. d4 cxd4 4. Nxd4 Nf6 5. Nc3 e6 6. Nf3 Bb4 7. Qd3 d5 8. exd5 Nxd5 9. Bd2 Bxc3 10. Bxc3 Nxc3 11. Qxc3 0-0 12. Bd3 Qb6 13. 0-0 Bd7 14. Rad1 Rfd8 15. Rd2 Rac8 16. Rfd1 Be8 17. Bc4 Rxd2 18. Nxd2 Na5 19. b4 Nxc4 20. Nxc4 Qc7 21. Rd4 Bb5 22. h3 Bxc4 23. g3 Bd5 24. Qe3 Qxc2 25. Rd2 Qc1+ 26. Kh2 Qh1# 0-1